000 01192nab a22002297a 4500
999 _c5365
_d5365
003 OSt
005 20250225233229.0
008 190603e xxum|||| |||| 00| 0 spa d
040 _cPJ-TDF
100 _96016
_aPadilla, Nicolás
245 1 3 _aLa teoría de la imprevisión en el ámbito de la contratación de criptomonedas /
_cNicolás Padilla.
260 _cCiudad Autónoma de Buenos Aires :
_aThomson Reuters La Ley,
_b2024.
300 _ap. 72-77
500 _aCita: TR LALEY AR/DOC/2773/2024.
505 _a Sumario: I. Introducción.— II. ¿Podemos recurrir al auxilio de la "imprevisión" al utilizar un medio de pago tan volátil?— III. ¿Qué sería una alteración extraordinaria en el valor de las criptomonedas?— IV. Una posible alternativa: las stablecoins.— V. Conclusión.
505 _t¿Te interesa el texto completo? Solicitalo al correo: koha@justierradelfuego.gov.ar
650 0 _96399
_aMONEDA VIRTUAL
650 0 _96398
_aCRIPTOMONEDA
650 0 _93745
_aTEORÍA DE LA IMPREVISIÓN
773 0 _02713
_93170
_dCiudad Autónoma de Buenos Aires : Thomson Reuters La Ley, 2015-
_tRevista Código Civil y Comercial. Nº 6 - Diciembre 2024
942 _2udc
_cANA